000 00462nam a2200181Ia 4500
008 240925s9999 xx 000 0 und d
020 _aNA
082 _a621.38173 CON
100 _aCarleton University
245 0 _aConference Proceeding CCVLSI 1990
250 _aNA
260 _aCanada:
_bCarleton University
_c,1990.
300 _a355p.
_bNA
_fOriginal
500 _aReferences
600 _aElectronic Engineering
650 _aTechnology
942 _cBK
999 _c3721
_d3721